|
|
|
|
| LEADER |
00000cam a2200000 a 4500 |
| 001 |
vtls001489065 |
| 003 |
SK-MaSNL |
| 005 |
20260302073800.0 |
| 008 |
220107s2004 xo odaldrnp 000 0 hun |
| 015 |
|
|
|a SNBA2005/11-04222
|
| 020 |
|
|
|a 8010005711
|q (brožované)
|
| 035 |
|
|
|a urn:nbn:sk:snk-am00g4os
|
| 035 |
|
|
|a urn:nbn:sk:snk-am3iyb8
|
| 035 |
|
|
|a 9EB90989-B249-4EDC-8E28-CFFB5DBC1615
|
| 040 |
|
|
|a SNK
|b slo
|c SNK
|e AACR2
|
| 041 |
1 |
|
|a hun
|h slo
|
| 044 |
|
|
|a xo
|c SK
|
| 072 |
|
7 |
|a 91
|x Geografia ako veda. Výskum. Cestovanie
|2 konspekt
|
| 080 |
|
|
|a (075.3)
|2 2011
|
| 080 |
|
|
|a 91
|2 2011
|
| 245 |
0 |
0 |
|a Földrajz a gimnázium 1. osztálya számára
|b természeti földrajz
|n 1. rész
|c Mária Bizubová ... [et al.] ; illusztrálták: Roman Andrezál ... [et al.] ; fordítás: Horváth Géza
|
| 250 |
|
|
|a 2. kiad.
|
| 260 |
|
|
|a Bratislava
|b Slovenské pedagogické nakladateľstvo
|c 2004
|
| 300 |
|
|
|a 94 strán
|b farebné fotografie, grafy, ilustrácie, mapy, schémy
|c 24 cm
|
| 500 |
|
|
|a Foto: Ľudovít Mičian, Pavol Plesník, Milan Trizna
|
| 500 |
|
|
|a Pravdepodobne preložené zo slovenčiny
|
| 504 |
|
|
|a Obsahuje bibliografické odkazy. Slovník
|
| 650 |
0 |
7 |
|a geografia
|2 SNKPH
|9 823
|
| 655 |
|
7 |
|a učebnice stredných škôl
|2 SNKPH
|9 69323
|
| 700 |
1 |
|
|a Bizubová, Mária,
|d 1945-
|4 aut
|9 200440
|
| 700 |
1 |
|
|a Kusendová, Dagmar,
|d 1959-
|4 aut
|9 189282
|
| 700 |
1 |
|
|a Makarová, Eva
|4 aut
|9 7075
|
| 700 |
1 |
|
|a Mičian, Ľudovít,
|d 1934-2010
|4 aut
|9 192199
|
| 700 |
1 |
|
|a Minár, Jozef,
|d 1962-
|4 aut
|9 255000
|
| 700 |
1 |
|
|a Paulov, Ján,
|d 1934-
|4 aut
|9 133945
|
| 700 |
1 |
|
|a Plesník, Pavol,
|d 1920-2009
|4 aut
|9 114603
|
| 700 |
1 |
|
|a Trizna, Milan
|4 aut
|9 11597
|
| 700 |
1 |
|
|a Andrezál, Roman
|4 ill
|9 42612
|
| 700 |
1 |
|
|a Horváth, Géza,
|d 1951-
|4 trl
|9 88332
|
| 919 |
|
|
|a 80-10-00571-1
|
| 958 |
|
|
|a OP
|
| 958 |
|
|
|a OND
|
| 968 |
|
|
|a Mag
|b SLO
|
| 999 |
|
|
|c 1162349
|d 1164279
|
| 952 |
|
|
|a SNK
|b SNK
|y PREZ
|7 0
|p 17A0455127
|o snkSC 118774/1
|i snk2005/453
|8 0
|0 0
|1 0
|4 0
|d 2005-01-18
|f 1
|l 0
|r 2025-05-27 00:00:00
|w 2026-02-24
|
| 952 |
|
|
|a SNK
|b SNK
|y VYP
|7 0
|p 17A0455126
|o snkSC 118774/1 D1
|i snk2005/456
|8 0
|0 0
|1 0
|4 0
|d 2005-01-18
|l 0
|r 2026-02-24 20:37:48
|w 2026-02-24
|